header

A review (Record no. 199292)

MARC details
000 -LEADER
fixed length control field 01263nam a2200301 a 4500
245 02 - TITLE STATEMENT
Title A review
260 ## - PUBLICATION, DISTRIBUTION, ETC. (IMPRINT)
Place of publication Dubai, United Arab Emirates :
Name of publisher Bentham Books,
Year of publication 2012.
300 ## - PHYSICAL DESCRIPTION
Number of Pages ii, 185 p. :
Other physical details ill. (some col.)
650 #0 - SUBJECT ADDED ENTRY--TOPICAL TERM
Topical Term Melt spinning.
Topical Term Alloys.
Topical Term Solidification.
700 1# - ADDED ENTRY--PERSONAL NAME
Personal name Kamal, Mustafa.
Personal name Mohammad, Usama S.
856 40 - ELECTRONIC LOCATION AND ACCESS
Uniform Resource Identifier http://site.ebrary.com/lib/rucke/Doc?id=10552216

No items available.

© 2026 Rongo University
Contact us: librarian | system librarian | Rongo university